000 01270cab a2200301 4500
001 WB3513-17
008 090401t1999 xxu||||| |||| 00| 0 eng d
035 _a(Sirsi) u92612
041 _aeng
245 _aRent review help for small businesses
260 _c1999
350 _a0
490 _aRICS Press Release
_v(188) 6 April 1999 (2)
520 _aThe RICS, ISVA and DETR launch a service to assist the small business community in England and Wales when dealing with commercial rent reviews. The Small Business Scheme will provide for the appointment of an independent expert to decide the new rent. The expert will charge a fixed maximum fee, so the parties know from the outset how much the service will cost. The scheme is administered by the RICS Dispute Resolution Service.
650 _aPROPERTY-COMMERCIAL PROPERTY
650 _aDETR
650 _aDISPUTE RESOLUTION SERVICE
650 _aENGLAND
650 _aABOUT RICS-RELATED ORGANISATIONS-INCORPORATED SOCIETY OF VALUERS AND AUCTIONEERS
650 _aRENT REVIEWS
650 _aRICS
650 _aSMALL BUSINESSES
650 _aSMES
650 _aWALES
690 _aPROPERTY-COMMERCIAL PROPERTY-COMMERCIAL PROPERTY APPRAISAL AND VALUATION
942 _n0
948 _c08/04/1999
999 _c58688
_d58688